000 00503nab a2200145Ia 4500
003 ES-SlBCS
005 20210601125514.0
008 140529s2003 xxu||||| |||| 00| 0 eng d
041 _aeng
100 1 _aThomson, J. K. J.
_9159499
245 0 0 _aOlot, Barcelona and Ávila and the Introduction of the Arkwright Technology to Catalonia
_c J. K. J. Thomson
650 0 4 _aIndustria Algodonera
_9159500
773 0 _tRevista de Historia Economica
_gvol. 21, nº. 2, 2003, págs. 297-334
_wRev701
942 _cAR
999 _c531401
_d531401